LEADER 01193nam a2200289 u 4500 001 000000028932 003 CaOOAMICUS 005 20070226111846.0 008 961127s1993 it u000 u ita u 020 $a8831100912 035 $a10746681 040 $aMSA$bita 100 1 $aBellino, Francesco.$0(OLS)http://pul/name/23481 245 12$aI fondamenti della bioetica :$baspetti antropologici, ontologici e morali /$cFrancesco Bellino. 260 $aRoma :$bCittà Nuova,$c1993. 300 $a184 p. ;$c20 cm 490 1 $aIdee.$aScienze umane ;$v91 504 $aContiene indici e riferimenti bibliografici. 650 4$aBioetica.$0(OLS)http://pul/subject/2868 830 0$aIdee.$pScienze umane ;$v91.$0(OLS)http://pul/title/39532 850 $aPUL 852 $aPUL$W1$xSL Religione 1$y3$m39 C 19$j40136$nBK-PRI$b $qStampati$B40136$CPULBib$Z2$F40136 $H $81 941 1 $a8 961 $aINV: 69893 996 $6020$a8831100912$9(OLS)http://pul/number/36005 996 $6245$aI fondamenti della bioetica :$baspetti antropologici, ontologici e morali$9(OLS)http://pul/title/39531 996 $6260$aRoma :$bCittà Nuova$9(OLS)http://pul/publisher/47927 LEADER 01622nam a2200361 a 4500 001 000000121156 003 CaOOAMICUS 005 20100412160339.0 008 100412t2010 it aboe u000 u ita r 040 $aPUL$bita$dReb 041 1 $aita$heng 082 04$a930 100 1 $aSekunda, Nicholas.$0(OLS)http://pul/name/75863 240 10$aRise of Rome$lItaliano.$0(OLS)http://pul/title/152370 245 13$aLa nascita di Roma /$cNicholas Sekunda e Simon Northwood ; illustrazioni di Richard Hook e Angus McBride. 260 $aMilano :$bRBA Italia,$c©2010. 300 $a72 p. :$bill., c. geogr., foto ;$c25 cm. 490 1 $aRoma$aLa Repubblica I 490 1 $aRoma e Grecia$aLe battaglie, gli eserciti, i grandi condottieri 500 $aPubblicazione periodica settimanale. 504 $aInclude bibliografia ed indice. 651 4$aRoma$xStoria.$0(OLS)http://pul/subject/1478 700 1 $aHook, Richard.$0(OLS)http://pul/name/75865 700 1 $aMcBride, Angus.$0(OLS)http://pul/name/75866 700 1 $aNorthwood, Simon.$0(OLS)http://pul/name/75864 830 0$aRoma e Grecia$pLe battaglie, gli eserciti, i grandi condottieri.$0(OLS)http://pul/title/150360 830 0$aRoma$pLa Repubblica I.$0(OLS)http://pul/title/152369 850 $aPUL 852 $aPUL$W1$xDP2 Filosofia 3$y112$m930 COLL 2.7$j138917$qDDC 21$q $B138156$CPULBib$Z2$F138156 $H113246 $81 941 1 $a9 996 $6082$a930$9(OLS)http://pul/classification/398 996 $6245$aLa nascita di Roma$9(OLS)http://pul/title/152368 996 $6260$aMilano :$bRBA Italia$9(OLS)http://pul/publisher/80118